Súpis literárnych rešerší za rok 1981-1984

Bibliographic Details
Main Author: Bugárová, Katarína (Author)
Format: Book
Language:Slovak
Published: Košice KÚNZ 1986
Subjects:

MARC

LEADER 00000nam a2200000 a 4500
001 vtls010587434
003 SK-MaSNL
005 20260301090522.0
008 240314 1986 xo f 000 0 slo
040 |a SNK  |b slo  |c SNK  |e AACR2 
041 0 |a slo 
044 |a xo  |c SK 
080 |a 014.3:027.53"2001"  |2 1981 
080 |a 027.53"2001"  |2 1981 
100 1 |a Bugárová, Katarína  |4 aut  |9 418438 
245 1 0 |a Súpis literárnych rešerší za rok 1981-1984  |c Katarína Bugárová 
260 |a Košice  |b KÚNZ  |c 1986 
648 7 |a 1981-1984  |2 SNKPH  |9 418439 
650 0 7 |a rešerše  |2 SNKPH  |9 1536 
655 7 |a bibliografie  |2 SNKPH  |9 28668 
958 |a OND 
958 |a TL 
958 |a KL 
999 |c 668404  |d 670334 
952 |a SNK  |b SNK  |y PREZ  |7 0  |p 17A0836272  |o snkSB 40492  |i snkKSP 3965/86  |0 0  |1 0  |4 0  |d 2014-04-03  |f 1  |l 0  |r 2025-04-25 00:00:00  |w 2026-02-23